Movies Quiz

Random Movies or Disney Quiz

5 by 5 Disney Characters by Decade Quiz Stats

 Plays Quiz Updated Jun 17, 2017

Support Sporcle.
Go Orange.
Score 0/25 Timer 05:00
0 Plays Today
Hint Answer % Correct
Tigger
94.1%
Princess Jasmine
92.9%
Stitch
92.7%
2010sMoana
91.2%
1980sUrsula
88.8%
Anna
87.2%
Bolt
85.4%
2000sTiana
78.9%
John Smith
75.5%
Lumière
74.1%
Pumbaa
72.1%
Flynn Rider
66.2%
Maid Marian
63.1%
Hint Answer % Correct
Oliver
60.2%
Yzma
53.1%
Judy Hopps
50.2%
Tod
43.8%
1970sMarie
41.2%
Thomas O'Malley
39.7%
1990sLi Shang
39.6%
Miss Bianca
36.7%
Hiro Hamada
34.8%
Basil of Baker Street
33.3%
Milo Thatch
33.2%
Taran
11.4%

You're not logged in!

Compare scores with friends on all Sporcle quizzes.
OR
Log In
Forgot?

From the Vault

Figure Out The Lyrics (Grease)

by Tolkienite

Pink Ladies and Greasers unite!
Remove Ads.
Support Sporcle.
Get the best of Sporcle when you Go Orange. This ad-free experience offers more features, more stats, and more fun while also helping to support Sporcle. Thank you for becoming a member.

Show Comments

Extras

Top Quizzes Today


Score Distribution

Your Account Isn't Verified!

In order to create a playlist on Sporcle, you need to verify the email address you used during registration. Go to your Sporcle Settings to finish the process.

Report this User

Report this user for behavior that violates our Community Guidelines.

Details: